Music Quiz

Random Music or Bands Quiz

True or False Blitz: Music Quiz Stats

 Plays Quiz Updated Jun 14, 2017

Support Sporcle.
Go Orange.
Score 0/20 Timer 02:00
0 Plays Today
Question Answer Wrong Answers
RAP
The stage name of the rapper born Curtis James Jackson III is 50 Cent.
True
84.6%
False
7.9%
BANDS
Debbie Harry is the lead singer of Blondie.
True
82.9%
False
9.5%
ROCK
'Walk this Way' was a hit for Guns N' Roses.
False
81.1%
True
11.6%
BILLBOARD
Elvis Presley has more than 15 number-one hits in the United States.
True
76.4%
False
16.3%
SINGERS
Dolly Parton was born in the same year as Cher.
True
70.1%
False
22.8%
LYRICS
'Two hundred degrees that's why they call me Mr. Fahrenheit' is a lyric from a Queen song.
True
68.1%
False
24.5%
MUSIC NOTATION
A double p ('pp') on a piece of music is an instruction to the musician to play very loudly.
False
65.8%
True
26.6%
OPERA
Dame Nellie Melba was a soprano.
True
63.8%
False
28.6%
LYRICS
'Greta Garbo, Dietrich and DiMaggio' is a lyric from a Lady Gaga song.
False
61.7%
True
30.9%
SINGERS
Taylor Swift was born in the 1980s.
True
60.4%
False
32.5%
SINGERS
Robbie Williams used to be in the British boyband 'Westlife'.
False
56%
True
36.5%
MUSIC NOTATION
A crotchet is twice as long as a quaver.
True
55.2%
False
37.3%
CLASSICAL
Beethoven wrote twelve symphonies.
False
52.8%
True
40%
BILLBOARD
Bryan Adams has never reached number one in the United Kingdom.
False
52.6%
True
40.2%
INSTRUMENTS
The lowest string on a violin is the 'C' string.
False
52.3%
True
40.1%
INSTRUMENTS
A cor anglais is a brass instrument.
False
50.4%
True
42%
BANDS
Caleb, Nathan and Jared Followill are the three members of The Killers.
False
50.1%
True
42.4%
CLASSICAL
Franz Liszt was Polish.
False
39.5%
True
52.9%
SINGERS
Sir Elton John's middle name is Hercules.
True
38.1%
False
54.7%
BEATLES
'Yellow Submarine' was a track on the album 'Revolver'.
True
37%
False
55.7%

You're not logged in!

Compare scores with friends on all Sporcle quizzes.
OR
Log In
Forgot?

From the Vault

2016/17 Premiership Goalscorers (A-Z)

by SHED

When you only score one goal but you get on a Sporcle quiz because your last name is unique.
Remove Ads.
Support Sporcle.
Get the best of Sporcle when you Go Orange. This ad-free experience offers more features, more stats, and more fun while also helping to support Sporcle. Thank you for becoming a member.

Show Comments

Extras

Top Quizzes Today


Score Distribution

Your Account Isn't Verified!

In order to create a playlist on Sporcle, you need to verify the email address you used during registration. Go to your Sporcle Settings to finish the process.

Report this User

Report this user for behavior that violates our Community Guidelines.

Details: